• 首页
  • 本馆介绍
  • 公告通知
  • 最新文献
  • 馆藏检索
  • 电子资源
  • 读者导购
  • 参考咨询
  • 我的图书馆
  • 登录
  • 详细信息显示
  • 放入我的书架
  • 预约/预借图书
  • 作者相关作品
  • 分类相关作品
  • 丛书相关作品
  • 出版社相关作品

书目信息

  • 表格格式
  • 工作单格式
  • 卡片格式
题名:
先天,后天
    
 
作者: 里德利 著 ;陈虎平 , 严成芬 译
分册:  
出版信息: 北京   北京理工大学出版社  2005
页数: 360页
开本: 21cm
丛书名: 盗火者译丛
单 册:
中图分类: Q987-49
科图分类:
主题词: 人类基因--普及读物
电子资源:
ISBN: 7-5640-0462-2
000 01206oam2 2200289 450
001 1573788477
005 20150116203055.70
010    @a7-5640-0462-2@dCNY24.00
100    @a20060210d2005 em y0chiy50 ea
101 1  @achi@ceng
102    @aCN@b110000
105    @ay z 001yy
200 1  @a先天,后天@9xian tian , hou tian@dNature via nurture@e基因、经验,及什么使我们成为人@egenes, experience and what makes us human@f(英)马特·里德利(Matt Ridley)著@g陈虎平,严成芬译@zeng
210    @a北京@c北京理工大学出版社@d2005
215    @a360页@d21cm
225 2  @a盗火者译丛
330    @a本书分十章,内容包括:动物范例;本能众多;先天与后天:恰切的对仗;原因的疯狂;基因第四维;塑形岁月;学习经验;文化之谜;基因的七种意义等。
461  0 @12001 @a盗火者译丛
510 1  @aNature via nurture@egenes, experience and what makes us human@zeng
517 1  @a基因、经验,及什么使我们成为人@9ji yin、jing yan,ji shen me shi wo men cheng wei ren
606 0  @a人类基因@j普及读物
690    @aQ987-49@v5
701  0 @c(英)@a里德利@9li de li@c(Ridley, Matt)@4著
702  0 @a陈虎平@9chen hu ping@4译
702  0 @a严成芬@9yan cheng fen@4译
801  0 @aCN@bTSSF@c20150115
905    @aZUCC@dQ987-49@eJY17
    
    先天,后天=Nature via nurture:基因、经验,及什么使我们成为人:genes, experience and what makes us human/(英)马特·里德利(Matt Ridley)著/陈虎平,严成芬译.-北京:北京理工大学出版社,2005
    360页;21cm.-(盗火者译丛)
    
    
    ISBN 7-5640-0462-2:CNY24.00
    本书分十章,内容包括:动物范例;本能众多;先天与后天:恰切的对仗;原因的疯狂;基因第四维;塑形岁月;学习经验;文化之谜;基因的七种意义等。
●
相关链接 在E读中查询图书 在五车中查询图书 在当当中查询图书 在豆瓣中查询图书


正题名:先天,后天     索取号:Q987-49/JY17         预约/预借

序号 登录号 条形码 馆藏地/架位号 状态 备注
1 7851498   278514984   学院路分馆/ [索取号:Q987-49/JY17] 在馆    
2 7851499   278514993   学院路分馆/ [索取号:Q987-49/JY17] 在馆    
唐山师范学院图书馆 欢迎您!
大连网信软件有限公司© 版权所有